000 00295nam a2200109Ia 4500
008 220204s9999 xx 000 0 und d
020 _a8185040559
082 _a339.92(047)
_bWOR
245 0 _aWorld investment report 2001 : Promoting linkages
260 _aNew Delhi
_bBookwell
_c2001
942 _cBK
999 _c41879
_d41879